Management Science (Record no. 884133)

MARC details
000 -LEADER
fixed length control field 00249nam a2200109Ia 4500
008 - FIXED-LENGTH DATA ELEMENTS--GENERAL INFORMATION
fixed length control field 231011s9999 xx 000 0 und d
041 ## - LANGUAGE CODE
Language code of text/sound track or separate title eng
100 ## - MAIN ENTRY--PERSONAL NAME
Personal name Kharidehal V.Rao
245 ## - TITLE STATEMENT
Title Management Science
260 ## - PUBLICATION, DISTRIBUTION, ETC.
Name of publisher, distributor, etc. M.G.H Bombay -
365 ## - TRADE PRICE
Price amount 162

No items available.